Southville International School and Colleges
Your cart is empty.
  • Cart
  • Lists
    Public lists Eva Luna New books Lux_list list_1
    Your lists Log in to create your own lists
  • Log in to your account
  • Your cookies
  • Search history
Southville International School and Colleges
  • Advanced search
  • Recent comments
  • Most popular
  • Libraries

Log in to your account

Log in with GOOGLE


If you do not have an external account, but do have a local account, you can still log in:

  1. Home
  2. MARC view: Mental Health problems in old age :
Normal view MARC view ISBD view

Mental Health problems in old age : (Record no. 9744)

[ view plain ]
MARC details
000 -LEADER
fixed length control field 00547nam a22001937a 4500
003 - CONTROL NUMBER IDENTIFIER
control field SISC
005 - DATE AND TIME OF LATEST TRANSACTION
control field 20160203094052.0
008 - FIXED-LENGTH DATA ELEMENTS--GENERAL INFORMATION
fixed length control field 130828t xxu||||| |||| 00| 0 eng d
016 ## - NATIONAL BIBLIOGRAPHIC AGENCY CONTROL NUMBER
Source 9780471918714
050 ## - LIBRARY OF CONGRESS CALL NUMBER
Classification number TC 451.4
Item number .M549 1988
082 ## - DEWEY DECIMAL CLASSIFICATION NUMBER
Classification number HS 618.97
Item number M52 1988
100 ## - MAIN ENTRY--PERSONAL NAME
Personal name Brian Gearing,
9 (RLIN) 14893
245 ## - TITLE STATEMENT
Title Mental Health problems in old age :
Remainder of title a Reader /
260 ## - PUBLICATION, DISTRIBUTION, ETC. (IMPRINT)
Place of publication, distribution, etc Chichester :
Name of publisher, distributor, etc John Wiley & Sons,
Date of publication, distribution, etc 1988.
300 ## - PHYSICAL DESCRIPTION
Extent 222 p.;
Dimensions 26 cm.
650 ## - SUBJECT ADDED ENTRY--TOPICAL TERM
Topical term or geographic name as entry element Geriatric psychiatry
9 (RLIN) 14894
942 ## - ADDED ENTRY ELEMENTS (KOHA)
Source of classification or shelving scheme Library of Congress Classification
Koha item type Books
Holdings
Withdrawn status Lost status Source of classification or shelving scheme Damaged status Home library Current library Shelving location Date acquired Total Checkouts Full call number Barcode Date last seen Copy number Price effective from Koha item type
    Library of Congress Classification   Luxembourg Library Luxembourg Library High School Section 08/28/2013   TC 451.4 .M549 1988 0237 05/25/2015 1 08/28/2013 Books

Mental Health problems in old age :

APA

Brian Gearing, . (1988). Mental Health problems in old age. Chichester: John Wiley & Sons.

Chicago

Brian Gearing, . 1988. Mental Health problems in old age. Chichester: John Wiley & Sons.

Harvard

Brian Gearing, . (1988). Mental Health problems in old age. Chichester: John Wiley & Sons.

MLA

Brian Gearing, . Mental Health problems in old age. Chichester: John Wiley & Sons. 1988.

  • Place hold
  • Print
  • Cite
  • Add to your cart (remove)
  • Save record
    BIBTEX Dublin Core MARCXML MARC (non-Unicode/MARC-8) MARC (Unicode/UTF-8) MARC (Unicode/UTF-8, Standard) MODS (XML) RIS
  • More searches
    Search for this title in:
    Other Libraries (WorldCat) Other Databases (Google Scholar) Online Stores (Bookfinder.com) Open Library (openlibrary.org)

Exporting to Dublin Core...

SOUTHVILLE LIBRARY

Southville International School and Colleges Library

1281 Tropical Ave. Cor. Luxembourg St., BF Homes International, Las Pinas City

Tel. No. 8256374 / 252358 Loc. 117/146

Powered by Koha